International financial reporting standards : A practical guide
International Financial Reporting Standards (IFRS) in a business situation can have a significant effect on the financial results and position of a division or an entire business enterprise. "International Financial Reporting Standards: A Practical Guide" gives private or public sector exe...
Gardado en:
| Autor Principal: | |
|---|---|
| Formato: | Libro |
| Idioma: | Undetermined |
| Publicado: |
Washington DC
The World Bank
2009
|
| Những chủ đề: | |
| Các nhãn: |
Engadir etiqueta
Sen Etiquetas, Sexa o primeiro en etiquetar este rexistro!
|
| Thư viện lưu trữ: | Trung tâm Học liệu Trường Đại học Cần Thơ |
|---|
| LEADER | 01459nam a2200217Ia 4500 | ||
|---|---|---|---|
| 001 | CTU_142968 | ||
| 008 | 210402s9999 xx 000 0 und d | ||
| 082 | |a 657.0218 | ||
| 082 | |b G836 | ||
| 100 | |a Greuning, Hennie van | ||
| 245 | 0 | |a International financial reporting standards : | |
| 245 | 2 | |b A practical guide | |
| 245 | 0 | |c Hennie van Greuning | |
| 260 | |a Washington DC | ||
| 260 | |b The World Bank | ||
| 260 | |c 2009 | ||
| 520 | |a International Financial Reporting Standards (IFRS) in a business situation can have a significant effect on the financial results and position of a division or an entire business enterprise. "International Financial Reporting Standards: A Practical Guide" gives private or public sector executives, managers, and financial analysts without a strong background in accounting the tools they need to participate in discussions and decisions on the appropriateness or application of IFRS. Each chapter summarizes an International Financial Reporting Standard, following a consistent structure: problems addressed by the IFRS; scope of the Standard; key concepts and definitions; accounting treatment; presentation and disclosure; and, financial analysis and interpretation. | ||
| 650 | |a Accounting,Financial statements,Kế toán,Báo cáo tài chính | ||
| 650 | |x Standards,Standards,Tiêu chuẩn,Tiêu chuẩn | ||
| 904 | |i Trọng Hiếu | ||
| 980 | |a Trung tâm Học liệu Trường Đại học Cần Thơ | ||